000 00782nam a22002297a 4500
005 20240530110444.0
008 150427s2006 ua f 000 0 ara d
017 _a2006/3771
_bمصر . دار الكتب المصرية
020 _a9774190726
040 _aEG-CaGPL
082 0 4 _221
_a709
_bق/م م
100 0 _aمحمد حمزة
245 1 2 _aالمرأة .. و الفن فى مصر /
_cمحمد حمزة
260 _aالقاهرة :
_bالهيئة المصرية العامة للكتاب ،
_c2006 .
300 _a295 ص :
_c20 سم
600 0 4 _aغادة عامر
650 0 4 _aالمرأة
_xتراجم
650 0 4 _aالمصورون المصريون
650 0 4 _aالمرأة فى الفن
942 _2ddc
_cBK
999 _c61119
_d61119